[Event "Qatar Masters Open 2015"]
[Site "Doha QAT"]
[Date "2015.12.23"]
[Round "4.38"]
[White "Al-Sayed, Mohammed"]
[Black "Khademalsharieh, Sarasadat"]
[Result "1-0"]
[WhiteElo "2520"]
[BlackElo "2380"]
[PlyCount "51"]
[EventDate "2015.12.20"]
[EventType "swiss"]
[EventRounds "9"]
[EventCountry "QAT"]
[Source "lmi"]
[SourceDate "2015.12.20"]

1. d4 Nf6 2. c4 e6 3. Nf3 b6 4. g3 Bb7 5. Bg2 Be7 6. Nc3 Ne4 7. Bd2 Bf6 8. O-O
O-O 9. Ne5 Nxc3 10. Bxc3 Bxg2 11. Kxg2 d6 12. Ng4 Be7 13. e4 Nd7 14. Ne3 Qc8
15. Qd3 Qb7 16. Kg1 Rad8 17. f4 c5 18. d5 Bf6 19. Rae1 Bxc3 20. Qxc3 Rfe8 21.
b3 a6 22. Rd1 exd5 23. Rxd5 Nf6 24. Nf5 Rxe4 25. Rxd6 Rd4 26. Qxd4 1-0

[Event "Qatar Masters Open 2015"]
[Site "Doha QAT"]
[Date "2015.12.23"]
[Round "4.40"]
[White "Sundararajan, Kidambi"]
[Black "Guramishvili, Sopiko"]
[Result "1-0"]
[WhiteElo "2513"]
[BlackElo "2368"]
[PlyCount "187"]
[EventDate "2015.12.20"]
[EventType "swiss"]
[EventRounds "9"]
[EventCountry "QAT"]
[Source "lmi"]
[SourceDate "2015.12.20"]

1. d4 Nf6 2. Nf3 g6 3. c4 Bg7 4. g3 b6 5. Bg2 Bb7 6. O-O O-O 7. Bf4 d6 8. Qc1
c5 9. dxc5 bxc5 10. Bh6 Nc6 11. Nc3 Rb8 12. Rd1 Qa5 13. Nd5 Nd7 14. a3 Rfc8 15.
Bxg7 Kxg7 16. b4 cxb4 17. axb4 Qd8 18. Qc3+ Kg8 19. c5 dxc5 20. b5 Nb4 21. Nxb4
cxb4 22. Qxb4 Bxf3 23. Bxf3 Rc7 24. Qd4 Rb6 25. Bc6 Qb8 26. Bxd7 Rd6 27. Qg4 h5
28. Qh3 Rcxd7 29. Qxd7 Rxd7 30. Rxd7 Qxb5 31. Rxe7 a5 32. h4 Kf8 33. Re4 Qb2
34. Rea4 Qxe2 35. Rxa5 Kg7 36. R5a4 Qb2 37. Rf1 Kh6 38. Rf4 f5 39. Re1 Qd2 40.
Ra1 Qb2 41. Ra8 Qc1+ 42. Kh2 Qb2 43. Rd8 Qc2 44. Rd6 Kh7 45. Kg2 Qc7 46. Rfd4
Qb7+ 47. Kg1 Qb1+ 48. Rd1 Qe4 49. Rd8 Kg7 50. R8d7+ Kh6 51. Rf7 Qe5 52. Rdd7
Qa1+ 53. Kg2 Qa8+ 54. Kh2 Qg8 55. Ra7 Qh8 56. Kg2 Qg8 57. Kf3 Qh8 58. Rfc7 Qg8
59. Rd7 Qh8 60. Kg2 Qg8 61. Kg1 Qh8 62. Kf1 Qg8 63. Re7 Qh8 64. Kg1 Qg8 65. Ra6
Qd5 66. Raa7 Qg8 67. Kh2 Qh8 68. Rad7 Qg8 69. Kh1 Qa8+ 70. Kg1 Qa1+ 71. Kh2 Qh8
72. Re6 Qa1 73. Ree7 Qh8 74. Ra7 Qg8 75. Kg1 Qh8 76. Re6 Qd4 77. Ree7 Qh8 78.
Red7 Qg8 79. Rd6 Qe8 80. Kf1 Qb5+ 81. Kg2 Qe8 82. Rdd7 Qh8 83. Rab7 Qg8 84. Kf3
Qh8 85. Kf4 Qg8 86. Rh7+ Qxh7 87. Rxh7+ Kxh7 88. Ke5 Kg7 89. Ke6 Kg8 90. Kf6
Kh7 91. Kf7 Kh6 92. f3 g5 93. f4 gxf4 94. gxf4 1-0

[Event "Qatar Masters Open 2015"]
[Site "Doha QAT"]
[Date "2015.12.23"]
[Round "4.41"]
[White "Tissir, Mohamed"]
[Black "Schroeder, Jan-Christian"]
[Result "1/2-1/2"]
[WhiteElo "2346"]
[BlackElo "2511"]
[PlyCount "63"]
[EventDate "2015.12.20"]
[EventType "swiss"]
[EventRounds "9"]
[EventCountry "QAT"]
[Source "lmi"]
[SourceDate "2015.12.20"]

1. e4 d6 2. d4 Nf6 3. Nc3 e5 4. Nf3 Nbd7 5. Bc4 Be7 6. O-O O-O 7. Re1 c6 8. a4
exd4 9. Nxd4 Ne5 10. Ba2 Re8 11. h3 Bd7 12. Nf3 Qc7 13. Nxe5 dxe5 14. Qf3 Bd8
15. Ne2 Be6 16. Ng3 Bxa2 17. Rxa2 Re6 18. Nf5 Ne8 19. Qg3 Bf6 20. Ra3 Qa5 21.
Rd1 Rd8 22. Rxd8 Bxd8 23. Be3 Be7 24. Rd3 Qc7 25. Nh6+ Kf8 26. Nf5 b6 27. c4
Bf6 28. c5 g6 29. Bh6+ Ng7 30. Nxg7 Bxg7 31. Qh4 Bxh6 32. Qxh6+ 1/2-1/2

[Event "Qatar Masters Open 2015"]
[Site "Doha QAT"]
[Date "2015.12.23"]
[Round "4.43"]
[White "Zhukova, Natalia"]
[Black "Raja, Harshit"]
[Result "0-1"]
[WhiteElo "2488"]
[BlackElo "2325"]
[PlyCount "92"]
[EventDate "2015.12.20"]
[EventType "swiss"]
[EventRounds "9"]
[EventCountry "QAT"]
[Source "lmi"]
[SourceDate "2015.12.20"]

1. c4 c6 2. d4 d5 3. Nf3 Nf6 4. e3 e6 5. Nbd2 c5 6. cxd5 Nxd5 7. e4 Nf6 8. e5
Nfd7 9. Bd3 Nc6 10. Qe2 Nb4 11. a3 Nxd3+ 12. Qxd3 cxd4 13. Qxd4 b6 14. b4 b5
15. O-O Nb6 16. Qxd8+ Kxd8 17. Nd4 Bd7 18. Ne4 Nc4 19. Bf4 h6 20. Bg3 a5 21.
Rfd1 Ke8 22. Nc3 Rb8 23. bxa5 Bxa3 24. a6 Ke7 25. Rab1 b4 26. Ne4 Rhc8 27. Nb3
Ba4 28. Nec5 Bxb3 29. Nxb3 Ra8 30. h4 h5 31. Rd4 Rxa6 32. Rbd1 Ra7 33. Bf4 Bb2
34. Re4 Rd7 35. Rb1 Rd3 36. Na5 Nxa5 37. Rxb2 b3 38. Rb4 Rc4 39. Bg5+ f6 40.
exf6+ gxf6 41. Rb5 Rd5 42. Rxd5 exd5 43. Bd2 Rc2 44. Bb4+ Kd7 45. Rb1 b2 46.
Ba3 Nc4 0-1

[Event "Qatar Masters Open 2015"]
[Site "Doha QAT"]
[Date "2015.12.23"]
[Round "4.45"]
[White "Shankland, Samuel L"]
[Black "Pratyusha, Bodda"]
[Result "1-0"]
[WhiteElo "2646"]
[BlackElo "2260"]
[PlyCount "83"]
[EventDate "2015.12.20"]
[EventType "swiss"]
[EventRounds "9"]
[EventCountry "QAT"]
[Source "lmi"]
[SourceDate "2015.12.20"]

1. b3 e5 2. Bb2 Nc6 3. e3 d5 4. Bb5 Bd6 5. c4 a6 6. Bxc6+ bxc6 7. c5 Bxc5 8.
Bxe5 f6 9. Bg3 Ne7 10. Ne2 a5 11. Nbc3 Ba6 12. Qc2 Bd6 13. O-O c5 14. Bxd6 Qxd6
15. d3 Nc6 16. a3 Ne5 17. Rfd1 Ng4 18. Ng3 h5 19. d4 c4 20. bxc4 Bxc4 21. f3
Nh6 22. Nxh5 Kf7 23. Nf4 Rhe8 24. Re1 Rab8 25. Ne4 Qd7 26. Nd2 Qf5 27. Qc3 g5
28. Nxd5 Bxd5 29. e4 Qf4 30. exd5 Nf5 31. Re4 Qd6 32. Rae1 Rh8 33. Nf1 Qxd5 34.
Ne3 Nxe3 35. R4xe3 Qd6 36. Re7+ Kf8 37. Qxc7 Qxc7 38. Rxc7 Rh4 39. Re6 Rf4 40.
h3 Rxd4 41. Rxf6+ Ke8 42. Rg6 1-0

[Event "Qatar Masters Open 2015"]
[Site "Doha QAT"]
[Date "2015.12.23"]
[Round "4.46"]
[White "Bartel, Mateusz"]
[Black "Abdusattorov, Nodirbek"]
[Result "1-0"]
[WhiteElo "2620"]
[BlackElo "2429"]
[PlyCount "141"]
[EventDate "2015.12.20"]
[EventType "swiss"]
[EventRounds "9"]
[EventCountry "QAT"]
[Source "lmi"]
[SourceDate "2015.12.20"]

1. d4 Nf6 2. Nf3 e6 3. Bf4 d6 4. c4 g6 5. Nc3 Bg7 6. Qd2 Nc6 7. e4 O-O 8. O-O-O
a6 9. Bh6 b5 10. cxb5 axb5 11. Bxb5 Bb7 12. h4 Bxh6 13. Qxh6 Ng4 14. Qd2 h5 15.
Ne1 e5 16. Bxc6 Bxc6 17. f3 exd4 18. Qxd4 Ne5 19. Nd3 Nxd3+ 20. Rxd3 Ra5 21.
Kb1 Qe7 22. g3 Rb8 23. Rc1 Qe6 24. Rd2 Rc5 25. Ne2 Rxc1+ 26. Nxc1 f5 27. Rc2
Rb6 28. Qc4 Qxc4 29. Rxc4 fxe4 30. fxe4 Kf8 31. Kc2 Ke8 32. Nd3 Bb5 33. Rxc7
Bxd3+ 34. Kxd3 Rxb2 35. Rg7 Rxa2 36. Rxg6 Kf7 37. Rg5 Ra3+ 38. Ke2 Rc3 39. Kf2
Rc5 40. Ke3 Kf6 41. Rg8 Rc1 42. Rh8 Kg6 43. Rd8 Rd1 44. Rg8+ Kh6 45. Rg5 Ra1
46. Rd5 Ra6 47. Kf4 Kg6 48. Rg5+ Kh6 49. Kf5 Ra5+ 50. Ke6 Ra4 51. Kd5 Rb4 52.
g4 hxg4 53. Rxg4 Rb6 54. Rg8 Kh7 55. Rd8 Kg7 56. Rxd6 Rb5+ 57. Ke6 Rh5 58. Rd7+
Kg8 59. Kf6 Rxh4 60. e5 Rf4+ 61. Ke7 Rf7+ 62. Kd6 Rf1 63. e6 Rd1+ 64. Ke7 Ra1
65. Rd2 Ra7+ 66. Kf6 Ra6 67. Rd8+ Kh7 68. Kf7 Ra1 69. e7 Rf1+ 70. Ke6 Re1+ 71.
Kf6 1-0

[Event "Qatar Masters Open 2015"]
[Site "Doha QAT"]
[Date "2015.12.23"]
[Round "4.48"]
[White "Sunilduth Lyna, Narayanan"]
[Black "Haria, Ravi"]
[Result "1-0"]
[WhiteElo "2494"]
[BlackElo "2416"]
[PlyCount "113"]
[EventDate "2015.12.20"]
[EventType "swiss"]
[EventRounds "9"]
[EventCountry "QAT"]
[Source "lmi"]
[SourceDate "2015.12.20"]

1. d4 e6 2. c4 d5 3. Nc3 c6 4. e3 Nd7 5. Qc2 Nh6 6. Bd3 Bd6 7. Bd2 f5 8. cxd5
exd5 9. Nge2 Nf6 10. f3 Qc7 11. O-O-O Bd7 12. h3 O-O-O 13. Kb1 Kb8 14. Rc1 Bc8
15. g4 fxg4 16. hxg4 Nf7 17. e4 dxe4 18. Nxe4 Nxe4 19. Bxe4 Qe7 20. Nc3 Ng5 21.
d5 c5 22. Bxg5 Qxg5 23. Bxh7 Qf4 24. Be4 b6 25. a4 Bb7 26. a5 Be5 27. axb6 axb6
28. Qb3 Bxc3 29. Rxh8 Rxh8 30. Qxc3 Qf6 31. Qd2 Qe5 32. Rd1 Rd8 33. Qc3 Qxc3
34. bxc3 Kc7 35. Kb2 Kd6 36. c4 Ra8 37. Rh1 Ba6 38. Kc3 b5 39. cxb5 Bxb5 40.
Rh5 Ra3+ 41. Kb2 Ra7 42. Rf5 c4 43. Kc3 Rc7 44. Rf8 Bd7 45. Rf7 Bb5 46. Rf8 Bd7
47. g5 Kc5 48. Rf7 Rb7 49. Rxg7 Rb3+ 50. Kd2 Ba4 51. Ra7 Bb5 52. g6 c3+ 53. Kc1
Rb2 54. Bc2 Bc4 55. g7 Rb8 56. Bh7 Bxd5 57. Ra5+ 1-0

[Event "Qatar Masters Open 2015"]
[Site "Doha QAT"]
[Date "2015.12.23"]
[Round "4.49"]
[White "Seyb, Alexander"]
[Black "Shoker, Samy"]
[Result "0-1"]
[WhiteElo "2425"]
[BlackElo "2489"]
[PlyCount "82"]
[EventDate "2015.12.20"]
[EventType "swiss"]
[EventRounds "9"]
[EventCountry "QAT"]
[Source "lmi"]
[SourceDate "2015.12.20"]

1. e4 g6 2. d4 Bg7 3. Nc3 d6 4. f4 Nc6 5. Be3 Nf6 6. Nf3 a6 7. h3 e6 8. Bd3 Ne7
9. Qe2 b5 10. e5 Nfd5 11. Nxd5 Nxd5 12. Bd2 Bb7 13. a4 b4 14. a5 c5 15. dxc5
dxc5 16. O-O Qc7 17. Ng5 Ne7 18. Be3 O-O 19. Bf2 Nd5 20. Bg3 Rfd8 21. Ne4 c4
22. Bxc4 Ne3 23. Qxe3 Qxc4 24. Nc5 Bc6 25. Rf2 Rd5 26. Nb3 Rad8 27. Bh4 R8d7
28. Bf6 Bxf6 29. exf6 Rf5 30. Qe2 Qxe2 31. Rxe2 Rxf6 32. g3 Rf5 33. c3 bxc3 34.
bxc3 Rd3 35. Kf2 Rf3+ 36. Ke1 Rxg3 37. Kd2 Rxf4 38. Nd4 Bd5 39. Rb1 Rxh3 40.
Rb4 g5 41. Re5 h6 0-1

[Event "Qatar Masters Open 2015"]
[Site "Doha QAT"]
[Date "2015.12.23"]
[Round "4.50"]
[White "Mohammad, Nubairshah Shaikh"]
[Black "Ly, Moulthun"]
[Result "1-0"]
[WhiteElo "2414"]
[BlackElo "2462"]
[PlyCount "77"]
[EventDate "2015.12.20"]
[EventType "swiss"]
[EventRounds "9"]
[EventCountry "QAT"]
[Source "lmi"]
[SourceDate "2015.12.20"]

1. d4 d5 2. c4 dxc4 3. Nf3 Nf6 4. e3 e6 5. Bxc4 a6 6. a4 b6 7. O-O Bb7 8. Nc3
Bb4 9. Qe2 O-O 10. Rd1 Qe7 11. Ne5 c5 12. Na2 Ba5 13. b3 Nd5 14. Ba3 Bb4 15.
Bb2 a5 16. Nxb4 Nxb4 17. dxc5 f6 18. Nd3 bxc5 19. Nf4 Bc8 20. Qg4 Re8 21. Nh5
Kh8 22. Rd6 e5 23. Qg3 N8c6 24. Rad1 Bf5 25. R1d2 Qf8 26. Qf3 Nd4 27. R6xd4
cxd4 28. Qxf5 dxe3 29. fxe3 Rad8 30. Rxd8 Rxd8 31. h3 Qd6 32. Kh2 Rf8 33. Qe6
Qc7 34. Ng3 Nc2 35. e4 Ne3 36. Nf5 Qa7 37. Ba3 Rd8 38. Be7 Re8 39. Qf7 1-0

[Event "Qatar Masters Open 2015"]
[Site "Doha QAT"]
[Date "2015.12.23"]
[Round "4.51"]
[White "Karavade, Eesha"]
[Black "Ali Marandi, Cemil Can"]
[Result "1/2-1/2"]
[WhiteElo "2379"]
[BlackElo "2454"]
[PlyCount "68"]
[EventDate "2015.12.20"]
[EventType "swiss"]
[EventRounds "9"]
[EventCountry "QAT"]
[Source "lmi"]
[SourceDate "2015.12.20"]

1. e4 g6 2. Nf3 Bg7 3. d4 d6 4. c3 Nf6 5. Bd3 O-O 6. O-O Nc6 7. d5 Nb8 8. c4
Bg4 9. Nbd2 Na6 10. h3 Nc5 11. Qe2 Nxd3 12. Qxd3 Bd7 13. Re1 e5 14. dxe6 Bxe6
15. Rb1 Re8 16. b3 Qe7 17. Bb2 Rad8 18. Rbd1 Bd7 19. Qc2 Nh5 20. Bxg7 Kxg7 21.
Qc3+ Qf6 22. Qxf6+ Kxf6 23. Nb1 Bc6 24. Nc3 Nf4 25. Nd4 Ne6 26. Nc2 Nc5 27. f3
a5 28. Ne3 Rd7 29. Ned5+ Bxd5 30. Nxd5+ Kg7 31. h4 h5 32. Kh2 f6 33. Nc3 Kf7
34. Re2 Ke7 1/2-1/2

[Event "Qatar Masters Open 2015"]
[Site "Doha QAT"]
[Date "2015.12.23"]
[Round "4.52"]
[White "Kashlinskaya, Alina"]
[Black "Saiyn, Zhanat"]
[Result "1/2-1/2"]
[WhiteElo "2448"]
[BlackElo "2394"]
[PlyCount "136"]
[EventDate "2015.12.20"]
[EventType "swiss"]
[EventRounds "9"]
[EventCountry "QAT"]
[Source "lmi"]
[SourceDate "2015.12.20"]

1. d4 Nf6 2. c4 e6 3. Nc3 Bb4 4. Qc2 O-O 5. a3 Bxc3+ 6. Qxc3 b6 7. Bg5 Bb7 8.
e3 d6 9. Ne2 Nbd7 10. Qc2 c5 11. Rd1 Qe7 12. Nc3 h6 13. Bh4 cxd4 14. Rxd4 Rfd8
15. f3 Ne5 16. Be2 Ng6 17. Bxf6 Qxf6 18. O-O Nh4 19. Qd2 Qg5 20. Rg4 Qe7 21. e4
Kh8 22. Qe1 Ng6 23. f4 Qf6 24. Qd2 Rac8 25. Rg3 Rc7 26. Rd3 Rcd7 27. Bg4 Qh4
28. Rg3 Ne7 29. f5 exf5 30. Bxf5 Nxf5 31. Rxf5 Qe7 32. Qd4 f6 33. Qe3 Re8 34.
Qf4 Qf8 35. Qg4 Rde7 36. Rf4 Re5 37. Qg6 Qe7 38. h4 Rg8 39. Qg4 Qe8 40. Nd5
Bxd5 41. cxd5 Qc8 42. Rc3 Qxg4 43. Rxg4 Rge8 44. Rc4 Kg8 45. Rf4 Kf7 46. Kf2 g5
47. hxg5 hxg5 48. Rg4 Kg6 49. Rc6 Kh5 50. Rg3 Rxe4 51. Rxd6 Re2+ 52. Kg1 Re1+
53. Kh2 g4 54. Rxf6 Kg5 55. Re6 R8xe6 56. dxe6 Rxe6 57. Rb3 Kh4 58. Rd3 Re1 59.
b4 Ra1 60. Rc3 Ra2 61. Rd3 a6 62. Rc3 a5 63. bxa5 bxa5 64. Rd3 a4 65. Rc3 Ra1
66. Rd3 Ra2 67. Rc3 Ra1 68. Rd3 Ra2 1/2-1/2

[Event "Qatar Masters Open 2015"]
[Site "Doha QAT"]
[Date "2015.12.23"]
[Round "4.53"]
[White "Basso, Pier Luigi"]
[Black "Li, Di"]
[Result "1/2-1/2"]
[WhiteElo "2438"]
[BlackElo "2389"]
[PlyCount "136"]
[EventDate "2015.12.20"]
[EventType "swiss"]
[EventRounds "9"]
[EventCountry "QAT"]
[Source "lmi"]
[SourceDate "2015.12.20"]

1. d4 Nf6 2. c4 g6 3. Nc3 d5 4. Bf4 Bg7 5. e3 O-O 6. Rc1 Be6 7. cxd5 Nxd5 8.
Nxd5 Qxd5 9. b3 Qa5+ 10. Qd2 Qxd2+ 11. Kxd2 c6 12. Nf3 Bd5 13. Bc4 Bxf3 14.
gxf3 e6 15. Ke2 Nd7 16. Bd6 Rfe8 17. f4 Bf8 18. Bxf8 Kxf8 19. Bd3 Ke7 20. Rc2
Nb6 21. a3 Red8 22. h4 h5 23. Be4 Rd7 24. Rb1 a6 25. Rbb2 Nc8 26. Rc1 Nd6 27.
Bd3 Rad8 28. b4 Nb5 29. a4 Nxd4+ 30. exd4 Rxd4 31. Rc3 Rxf4 32. b5 axb5 33.
axb5 Rxh4 34. bxc6 bxc6 35. Rxc6 Rhd4 36. Rc7+ Kf6 37. Bc4 Re4+ 38. Kf3 Rdd4
39. Bb5 Rf4+ 40. Kg2 Rd5 41. Be8 Kg7 42. Bd7 Rg5+ 43. Kf1 Kh6 44. Rcb7 Rd5 45.
Be8 Rdf5 46. R7b5 Rf6 47. R5b4 g5 48. Rxf4 Rxf4 49. Rb7 Kg6 50. Kg2 g4 51. Ra7
h4 52. Ra4 Rxa4 53. Bxa4 Kg5 54. Bb3 Kf4 55. Kf1 Ke5 56. Kg2 f5 57. f4+ Kxf4
58. Bxe6 h3+ 59. Kh2 Kg5 60. Kg3 f4+ 61. Kf2 g3+ 62. Kf3 h2 63. Kg2 f3+ 64. Kh1
Kf4 65. Bd5 f2 66. Bg2 Ke3 67. Bh3 Ke2 68. Bf1+ Kxf1 1/2-1/2

[Event "Qatar Masters Open 2015"]
[Site "Doha QAT"]
[Date "2015.12.23"]
[Round "4.54"]
[White "Dai, Changren"]
[Black "Padmini, Rout"]
[Result "1/2-1/2"]
[WhiteElo "2328"]
[BlackElo "2437"]
[PlyCount "66"]
[EventDate "2015.12.20"]
[EventType "swiss"]
[EventRounds "9"]
[EventCountry "QAT"]
[Source "lmi"]
[SourceDate "2015.12.20"]

1. e4 c5 2. Nf3 e6 3. d4 cxd4 4. Nxd4 Nc6 5. Nc3 Qc7 6. Be3 a6 7. Bd3 b5 8. Qe2
Bb7 9. f4 Nxd4 10. Bxd4 Qxf4 11. Rf1 Qc7 12. Qf2 Nh6 13. Be3 O-O-O 14. Bb6 Qxh2
15. O-O-O Be7 16. a4 b4 17. Ne2 Qe5 18. Nd4 Bc5 19. a5 Ng4 20. Qe2 Bxb6 21.
axb6 Qxd4 22. Qxg4 f5 23. Qg3 Qxb6 24. exf5 exf5 25. Rxf5 g6 26. Rf7 Bc6 27.
Qd6 Kb7 28. Bc4 a5 29. Bd5 Ka6 30. Bc4+ Kb7 31. Bd5 Ka6 32. Bc4+ Ka7 33. Bd5
Ka6 1/2-1/2

[Event "Qatar Masters Open 2015"]
[Site "Doha QAT"]
[Date "2015.12.23"]
[Round "4.55"]
[White "Pourkashiyan, Atousa"]
[Black "Aryan, Chopra"]
[Result "0-1"]
[WhiteElo "2322"]
[BlackElo "2436"]
[PlyCount "144"]
[EventDate "2015.12.20"]
[EventType "swiss"]
[EventRounds "9"]
[EventCountry "QAT"]
[Source "lmi"]
[SourceDate "2015.12.20"]

1. e4 e5 2. Nf3 Nc6 3. Bb5 a6 4. Ba4 Nf6 5. d3 Bc5 6. c3 b5 7. Bc2 d5 8. O-O
dxe4 9. dxe4 Qxd1 10. Rxd1 Be6 11. h3 a5 12. Ng5 Bd7 13. a4 b4 14. Nd2 h6 15.
Ngf3 Be6 16. Bd3 O-O-O 17. Bb5 Nxe4 18. Bxc6 Nxf2 19. Rf1 Nxh3+ 20. Kh2 Ng5 21.
Re1 f6 22. Ne4 Nxe4 23. Rxe4 Rd1 24. Be3 Rxa1 25. Bxc5 bxc3 26. bxc3 Rd8 27.
Bb5 Rdd1 28. Kg3 h5 29. Be2 Rdc1 30. Ba6+ Kd7 31. Re3 Rd1 32. Bb5+ Kd8 33. Nd4
Bd7 34. Nc6+ Ke8 35. Nxe5 fxe5 36. Rxe5+ Kd8 37. Be7+ Kc8 38. Ba6+ Kb8 39. Rxh5
Ka7 40. Be2 Rd2 41. Rxa5+ Kb6 42. Re5 Rxa4 43. Bc5+ Kb7 44. Bf8 Rc2 45. Re3
Raa2 46. Bf3+ Bc6 47. Kf4 Bxf3 48. gxf3 g6 49. Kg5 Re2 50. Rd3 Rad2 51. Rxd2
Rxd2 52. Kxg6 Rf2 53. Bg7 Rxf3 54. Be5 c5 55. Kg5 Kc6 56. Kg4 Rf1 57. c4 Rc1
58. Kf3 Rxc4 59. Ke3 Kd5 60. Bf6 Re4+ 61. Kd3 Rf4 62. Bg7 c4+ 63. Kc3 Kc5 64.
Be5 Rf5 65. Bd4+ Kb5 66. Kc2 Rf4 67. Be5 Rf3 68. Kb2 Kc5 69. Kc2 Rf5 70. Bg7
Rf2+ 71. Kc3 Rf3+ 72. Kc2 Kb4 0-1

[Event "Qatar Masters Open 2015"]
[Site "Doha QAT"]
[Date "2015.12.23"]
[Round "4.58"]
[White "Nezad, Husein Aziz"]
[Black "Ezat, Mohamed"]
[Result "1/2-1/2"]
[WhiteElo "2425"]
[BlackElo "2490"]
[PlyCount "68"]
[EventDate "2015.12.20"]
[EventType "swiss"]
[EventRounds "9"]
[EventCountry "QAT"]
[Source "lmi"]
[SourceDate "2015.12.20"]

1. d4 d6 2. Nf3 Nf6 3. c4 Bf5 4. g3 g6 5. Bg2 Bg7 6. O-O O-O 7. Qb3 Qc8 8. Nc3
Nc6 9. Rd1 a5 10. Bf4 Re8 11. Nd5 a4 12. Qa3 Ne4 13. Rac1 h6 14. Be3 e6 15. Nb4
Nxb4 16. Qxb4 a3 17. b3 c5 18. Qb5 g5 19. Nd2 Nxd2 20. Rxd2 cxd4 21. Bxd4 Bxd4
22. Rxd4 Qc5 23. Rcd1 Qxb5 24. cxb5 d5 25. e4 dxe4 26. Bxe4 Bxe4 27. Rxe4 Rec8
28. Rc4 Rxc4 29. bxc4 Ra4 30. Rd3 b6 31. Rb3 Kf8 32. c5 bxc5 33. b6 Ra8 34. Rc3
Rb8 1/2-1/2

[Event "Qatar Masters Open 2015"]
[Site "Doha QAT"]
[Date "2015.12.23"]
[Round "4.59"]
[White "Gholami, Aryan"]
[Black "Sanal, Vahap"]
[Result "1/2-1/2"]
[WhiteElo "2422"]
[BlackElo "2487"]
[PlyCount "154"]
[EventDate "2015.12.20"]
[EventType "swiss"]
[EventRounds "9"]
[EventCountry "QAT"]
[Source "lmi"]
[SourceDate "2015.12.20"]

1. d4 Nf6 2. Nf3 e6 3. Bf4 c5 4. e3 Nc6 5. c3 b6 6. Nbd2 Bb7 7. Bd3 Be7 8. h3
O-O 9. O-O d6 10. Qe2 cxd4 11. exd4 Qc7 12. Rfe1 Rfe8 13. Bh2 Bf8 14. a4 Ne7
15. a5 bxa5 16. Nc4 Nc6 17. Ra2 e5 18. dxe5 dxe5 19. Nfxe5 Bd6 20. Nxd6 Qxd6
21. Bc4 Nxe5 22. Bxe5 Rxe5 23. Qxe5 Qc6 24. Qg3 Qxc4 25. Rxa5 h6 26. Rae5 Rd8
27. Re7 Qc6 28. f3 Nd5 29. R7e4 Nf6 30. Re7 Nd5 31. R7e4 Nc7 32. Re7 Rd7 33.
Qf2 Rxe7 34. Rxe7 Nd5 35. Re1 a6 36. Qd4 Bc8 37. c4 Nf6 38. Qd8+ Kh7 39. Qd3+
Kg8 40. Qd8+ Kh7 41. Qd3+ g6 42. Qd4 g5 43. b4 Kg6 44. Rb1 h5 45. b5 axb5 46.
cxb5 Qc2 47. Qb2 Qc5+ 48. Qf2 Qc3 49. Qb2 Qe3+ 50. Qf2 Qc3 51. Qb2 Qd3 52. b6
Bb7 53. Re1 Qc4 54. Rc1 Qd5 55. Qc2+ Kg7 56. Rd1 Qe5 57. Qc7 Qe3+ 58. Kh2 Bxf3
59. Qg3 g4 60. Rf1 Ne4 61. Rxf3 Qc5 62. Rxf7+ Kxf7 63. Qf4+ Kg7 64. Qxe4 Qd6+
65. Kh1 Qd1+ 66. Kh2 Qd6+ 67. g3 Qxb6 68. hxg4 hxg4 69. Qxg4+ Qg6 70. Qe2 Qh6+
71. Kg2 Qc6+ 72. Qf3 Qc2+ 73. Kh3 Qh7+ 74. Kg4 Qg6+ 75. Kh4 Qh7+ 76. Qh5 Qe4+
77. g4 Qe1+ 1/2-1/2

[Event "Qatar Masters Open 2015"]
[Site "Doha QAT"]
[Date "2015.12.23"]
[Round "4.60"]
[White "Konguvel, Ponnuswamy"]
[Black "Neelotpal, Das"]
[Result "1/2-1/2"]
[WhiteElo "2377"]
[BlackElo "2475"]
[PlyCount "74"]
[EventDate "2015.12.20"]
[EventType "swiss"]
[EventRounds "9"]
[EventCountry "QAT"]
[Source "lmi"]
[SourceDate "2015.12.20"]

1. e4 e5 2. Nf3 Nc6 3. Bb5 a6 4. Bxc6 dxc6 5. O-O f6 6. d4 Bg4 7. dxe5 Qxd1 8.
Rxd1 fxe5 9. Nbd2 Bd6 10. h3 Bh5 11. g4 Bf7 12. Ng5 Nf6 13. Nxf7 Kxf7 14. Nc4
Nxe4 15. Re1 Nf6 16. Nxe5+ Bxe5 17. Rxe5 Rhe8 18. Bf4 Nd5 19. Rd1 Rxe5 20. Bxe5
Re8 21. f4 g5 22. c4 Nxf4 23. Bxf4 gxf4 24. Kf2 Re3 25. Rd7+ Kg6 26. h4 h5 27.
gxh5+ Kxh5 28. Rxc7 Kxh4 29. Rxb7 Kg4 30. Rg7+ Kf5 31. Rc7 Rh3 32. Rxc6 Rh2+
33. Kf3 Rxb2 34. Rxa6 Rc2 35. Ra5+ Ke6 36. Ra4 Ke5 37. Ra5+ Kd4 1/2-1/2

[Event "Qatar Masters Open 2015"]
[Site "Doha QAT"]
[Date "2015.12.23"]
[Round "4.61"]
[White "Bivol, Alina"]
[Black "Krush, Irina"]
[Result "0-1"]
[WhiteElo "2344"]
[BlackElo "2468"]
[PlyCount "104"]
[EventDate "2015.12.20"]
[EventType "swiss"]
[EventRounds "9"]
[EventCountry "QAT"]
[Source "lmi"]
[SourceDate "2015.12.20"]

1. Nf3 c5 2. c4 Nc6 3. d4 cxd4 4. Nxd4 Nf6 5. Nc3 e6 6. g3 Qb6 7. Ndb5 Ne5 8.
Bf4 Nfg4 9. e3 a6 10. Qa4 Rb8 11. Be2 axb5 12. Nxb5 g5 13. Bxg5 f6 14. Bf4 Nh6
15. O-O-O Nhf7 16. b4 Be7 17. c5 Bxc5 18. bxc5 Qxc5+ 19. Kb1 O-O 20. Rc1 Qb6
21. Qa7 Qxa7 22. Nxa7 Ra8 23. Nb5 b6 24. Bxe5 fxe5 25. Rhd1 e4 26. f4 exf3 27.
Bxf3 Ra5 28. Nd4 Ne5 29. Be4 Ng4 30. Rc3 Re5 31. Bf3 Nxe3 32. Rdc1 Ba6 33. Ra3
Bc4 34. Rcc3 Nf1 35. Ra7 Rf7 36. Rc7 Bd5 37. Kc1 Bxa2 38. Rb7 Nxh2 39. Rxb6 Bd5
40. Bxd5 Rxd5 41. Ne2 Rf1+ 42. Kb2 Ng4 43. Nf4 Rd2+ 44. Rc2 Rxc2+ 45. Kxc2 Kf7
46. Kd2 Rf3 47. Ne2 Nf6 48. Rb4 e5 49. Rb7 h5 50. Ke1 Ke6 51. Rb4 d5 52. Rh4
Kf5 0-1

[Event "Qatar Masters Open 2015"]
[Site "Doha QAT"]
[Date "2015.12.23"]
[Round "4.62"]
[White "Lorparizangeneh, Shahin"]
[Black "Li, Ruofan"]
[Result "1-0"]
[WhiteElo "2454"]
[BlackElo "2372"]
[PlyCount "111"]
[EventDate "2015.12.20"]
[EventType "swiss"]
[EventRounds "9"]
[EventCountry "QAT"]
[Source "lmi"]
[SourceDate "2015.12.20"]

1. c4 Nf6 2. Nc3 e6 3. e4 d5 4. e5 d4 5. exf6 dxc3 6. bxc3 Qxf6 7. d4 c5 8. Nf3
cxd4 9. Bg5 Qf5 10. cxd4 Bb4+ 11. Bd2 Nc6 12. Bxb4 Nxb4 13. Rb1 Nc2+ 14. Kd2
Nxd4 15. Nxd4 Qxf2+ 16. Kc3 e5 17. Nb3 Bf5 18. Rc1 Qxa2 19. Qd6 Be6 20. Qc5 Rc8
21. Qb5+ Rc6 22. Rc2 Qa3 23. Qb4 Qxb4+ 24. Kxb4 O-O 25. Be2 f5 26. Ra1 a6 27.
Ra5 b5 28. Nc5 Bxc4 29. Nd7 Re8 30. Bxc4+ bxc4 31. Rxe5 Rxe5 32. Nxe5 Re6 33.
Nxc4 g5 34. Kc5 Kf7 35. Kd5 Kf6 36. Nd6 h5 37. Rc6 Re5+ 38. Kd4 Re2 39. Ne4+
Kg7 40. Nxg5 Rxg2 41. Nf3 Rf2 42. Ke3 Ra2 43. Kf4 Ra3 44. h4 a5 45. Nd4 Ra4 46.
Ke5 Rb4 47. Ne6+ Kf7 48. Rc7+ Kg8 49. Kf6 Rb6 50. Kxf5 Ra6 51. Nf4 Kf8 52. Nxh5
Ke8 53. Nf6+ Kd8 54. Rd7+ Kc8 55. Rd1 a4 56. h5 1-0

[Event "Qatar Masters Open 2015"]
[Site "Doha QAT"]
[Date "2015.12.23"]
[Round "4.63"]
[White "Goriatchkin, Jouri"]
[Black "Venkatesh, M.R."]
[Result "1-0"]
[WhiteElo "2318"]
[BlackElo "2451"]
[PlyCount "91"]
[EventDate "2015.12.20"]
[EventType "swiss"]
[EventRounds "9"]
[EventCountry "QAT"]
[Source "lmi"]
[SourceDate "2015.12.20"]

1. d4 Nf6 2. c4 g6 3. Nc3 Bg7 4. e4 d6 5. Nf3 O-O 6. Be2 e5 7. Be3 Ng4 8. Bg5
f6 9. Bh4 g5 10. Bg3 Nh6 11. d5 Nd7 12. Nd2 f5 13. exf5 Nf6 14. Nde4 Nxe4 15.
Nxe4 Bxf5 16. Bd3 g4 17. O-O Kh8 18. Rc1 b6 19. b4 a5 20. a3 axb4 21. axb4 Bg6
22. Bb1 Ra1 23. Re1 Qe7 24. Qe2 Rfa8 25. c5 bxc5 26. bxc5 Rb8 27. Bd3 Ra3 28.
Ra1 Rxa1 29. Rxa1 dxc5 30. Rc1 Rd8 31. Rxc5 Ra8 32. Rc1 Ra5 33. d6 cxd6 34.
Rc8+ Ng8 35. Qxg4 d5 36. Bh4 Ra1+ 37. Bf1 Qf7 38. Nd6 Qa7 39. Qe6 Rxf1+ 40.
Kxf1 Bd3+ 41. Ke1 Qa5+ 42. Kd1 Qa4+ 43. Kd2 Qa2+ 44. Kxd3 e4+ 45. Nxe4 dxe4+
46. Qxe4 1-0